000 004410000a22001810004500
003 MACL
005 20151218131350.0
008 151218b xxu||||| |||| 00| 0 eng d
040 _aMACL
_cMACL
041 _aEnglish
082 _a050/LAL
100 _aLal, Sham
_921097
245 _aDirectory and Year Book
260 _bThe Times of India Press
_c1973
350 _a75
650 _aSerial Publication
_9330
942 _cBK
_k050/LAL
_2ddc
999 _c40683
_d40683